AN INTRODUCTION TO LEGAL REASONING (Record no. 195185)
[ view plain ]
| 000 -LEADER | |
|---|---|
| fixed length control field | 00365nam a2200145Ia 4500 |
| 008 - FIXED-LENGTH DATA ELEMENTS--GENERAL INFORMATION | |
| fixed length control field | 220923s9999 xx 000 0 und d |
| 020 ## - INTERNATIONAL STANDARD BOOK NUMBER | |
| International Standard Book Number | 978-0-226-08972-0 |
| 082 ## - DEWEY DECIMAL CLASSIFICATION NUMBER | |
| Item number | LEV |
| 100 ## - MAIN ENTRY--PERSONAL NAME | |
| Personal name | LEVI, EDWARD H. |
| 245 #3 - TITLE STATEMENT | |
| Title | AN INTRODUCTION TO LEGAL REASONING |
| 260 ## - PUBLICATION, DISTRIBUTION, ETC. | |
| Name of publisher, distributor, etc. | THE UNIVERSITY OF CHIKANGO PRESS |
| 300 ## - PHYSICAL DESCRIPTION | |
| Extent | 104 |
| 650 ## - SUBJECT ADDED ENTRY--TOPICAL TERM | |
| Topical term or geographic name entry element | Legal Studies |
| 942 ## - ADDED ENTRY ELEMENTS (KOHA) | |
| Koha item type | Book |
| Withdrawn status | Lost status | Damaged status | Not for loan | Home library | Current library | Shelving location | Date acquired | Barcode | Date last seen | Price effective from | Koha item type | Public note |
|---|---|---|---|---|---|---|---|---|---|---|---|---|
| Mewar University Central Library | Mewar University Central Library | Law | 18/11/2014 | L3747 | 23/09/2022 | 18/11/2014 | Book | 15-5 |